|
|
|
|
| LEADER |
00000cam a2200000 7i4500 |
| 001 |
0000045668 |
| 005 |
20150212.0 |
| 008 |
150212 |
| 020 |
|
|
|a 967442804
|
| 020 |
|
|
|a 9789674442804
|
| 090 |
0 |
0 |
|a 005.369
|b ALI
|
| 100 |
1 |
|
|a Ali Hamzah
|
| 245 |
1 |
0 |
|a Panduan pemula formula excel
|c Ali Hamzah
|
| 260 |
|
|
|a K.L. :
|b SynergyMedia (K.L.) ,
|c 2014
|
| 500 |
|
|
|a IP,UTC dan AEON
|
| 650 |
|
0 |
|a Computer programs.
|
| 650 |
|
0 |
|a Electronic spreadsheets.
|
| 999 |
|
|
|a 0001336195
|b Book
|c Adult Collection
|e Perbadanan Perpustakaan Awam Johor
|
| 999 |
|
|
|a 0001336196
|b Book
|c Adult Collection
|e Perbadanan Perpustakaan Awam Johor
|
| 999 |
|
|
|a 0001336198
|b Book
|c Adult Collection
|e Cawangan Urban Transformation Centre
|
| 999 |
|
|
|a 0001336335
|b Book
|c Adult Collection
|e Cawangan Kota Tinggi
|
| 999 |
|
|
|a 0001336336
|b Book
|c Adult Collection
|e Cawangan Mersing
|
| 999 |
|
|
|a 0001336337
|b Book
|c Adult Collection
|e Cawangan Segamat
|
| 999 |
|
|
|a 0001336339
|b Book
|c Adult Collection
|e Cawangan Tangkak
|
| 999 |
|
|
|a 0001336340
|b Book
|c Adult Collection
|e Cawangan Pontian
|
| 999 |
|
|
|a 0001336341
|b Book
|c Adult Collection
|e Cawangan Bandar Tenggara
|
| 999 |
|
|
|a 0001336342
|b Book
|c Adult Collection
|e Cawangan Batu Pahat
|
| 999 |
|
|
|a 0001336343
|b Book
|c Adult Collection
|e Cawangan Tmn. Ungku Tun Aminah
|
| 999 |
|
|
|a 0001336344
|b Book
|c Adult Collection
|e Cawangan Bukit Gambir
|
| 999 |
|
|
|a 0001336347
|b Book
|c Adult Collection
|e Cawangan Bandar Penawar
|
| 999 |
|
|
|a 0013336338
|b Book
|c Adult Collection
|e Cawangan Taman Sri Lambak
|
| 999 |
|
|
|a 1336346
|b Book
|c Adult Collection
|e Cawangan Muar
|